Fundamentals of Mathematical Statistics (Record no. 1331)

MARC details
000 -LEADER
fixed length control field 00435nam a22001697a 4500
005 - DATE AND TIME OF LATEST TRANSACTION
control field 20180518111601.0
008 - FIXED-LENGTH DATA ELEMENTS--GENERAL INFORMATION
fixed length control field 160521b xxu||||| |||| 00| 0 eng d
020 ## - INTERNATIONAL STANDARD BOOK NUMBER
ISBN 81-8054004-9
041 ## - LANGUAGE CODE
Language code of text/sound track or separate title eng
082 ## - DEWEY DECIMAL CLASSIFICATION NUMBER
Item number 3849
Classification number 519.5
100 ## - MAIN ENTRY--AUTHOR NAME
Personal name Gupta S.C. & Kapoor V.K.
245 ## - TITLE STATEMENT
Title Fundamentals of Mathematical Statistics
260 ## - PUBLICATION, DISTRIBUTION, ETC. (IMPRINT)
Place of publication New Delhi
Name of publisher Sultan Chand & Sons,
300 ## - PHYSICAL DESCRIPTION
Number of Pages A-42
650 ## - SUBJECT ADDED ENTRY--TOPICAL TERM
Topical Term Management
942 ## - ADDED ENTRY ELEMENTS (KOHA)
Koha item type Books
Holdings
Lost status Damaged status Home library Current library Shelving location Date acquired Cost, normal purchase price Full call number Accession Number Koha item type Collection code
    JRU Library JRU Library SHELF-74-C 21/05/2016 250.00 519.5 3849 Books  
    JRU Library JRU Library SHELF-74-C 21/05/2016 250.00 519.5 3850 Books MANAGEMENT
    JRU Library JRU Library SHELF-74-C 21/05/2016 250.00 519.5 3851 Books MANAGEMENT
    JRU Library JRU Library SHELF-74-C 21/05/2016 250.00 519.5 3852 Books MANAGEMENT
    JRU Library JRU Library SHELF-74-C 21/05/2016 250.00 519.5 3853 Books MANAGEMENT
    JRU Library JRU Library SHELF-74-C 21/05/2016 250.00 519.5 3854 Books MANAGEMENT
    JRU Library JRU Library SHELF-74-C 21/05/2016 250.00 519.5 3855 Books MANAGEMENT
    JRU Library JRU Library SHELF-74-C 21/05/2016 250.00 519.5 3856 Books MANAGEMENT
    JRU Library JRU Library SHELF-74-C 21/05/2016 250.00 519.5 3857 Books MANAGEMENT
    JRU Library JRU Library SHELF-74-C 21/05/2016 250.00 519.5 3858 Books MANAGEMENT
    JRU Library JRU Library SHELF-74-C 21/05/2016 250.00 519.5 3859 Books MANAGEMENT
    JRU Library JRU Library SHELF-74-C 21/05/2016 250.00 519.5 3860 Books MANAGEMENT
    JRU Library JRU Library SHELF-74-C 21/05/2016 250.00 519.5 3861 Books MANAGEMENT